Score 0/33 Timer 03:00
1 Play Today
Hint Answer % Correct
Batman actor Christian ____BALE
97.4%
Base____, Basket____, Foot____BALL
96.6%
Farm buildingBARN
96.2%
This can be eaten on the cobCORN
95.9%
Without clothingBARE
95.7%
Jedi master ____ SkywalkerLUKE
94.5%
Red ____ OR Taurus animalϟ BULL ϟ
94.2%
VomitPUKE
92.9%
Jab someone with your fingerPOKE
92.8%
RippedTORN
90.6%
'Fuel Your Fire' drink OR Set fire to somethingϟ BURN ϟ
90%
Johnny Cash song 'I Walk the ____'LINE
88.1%
Heart of somethingCORE
88%
Single, on one's ownLONE
86%
A sum of money to be paid as penaltyFINE
85.8%
Small opening in the skinPORE
85.6%
DiscoverFIND
85.2%
Hint Answer % Correct
The human brain has 4LOBE
84.3%
Elton John song 'Can You ___ the Love Tonight'FEEL
83.9%
A keyboard is used to do thisTYPE
83.8%
In poker the fourth of five community cardsTURN
82.5%
Basketball player ____ BryantKOBE
82%
Petrol, Coal, Natural GasFUEL
80.5%
____ Throttle OR containing as much as possibleϟ FULL ϟ
79.5%
Tempt someone or something into going somewhereLURE
79.2%
To eat FEED
76.8%
Abandon all ____ ye who enter hereHOPE
76.6%
Deal with somethingCOPE
76.2%
Provide for and look after one's selfFEND
74.4%
Old stringed instrument, part of the harp familyLYRE
74.3%
____ Energy OR excessive publicityϟ HYPE ϟ
73.5%
2 on a bike, 4 on a car (British)TYRE
73.5%
Energy drink OR alternate name for Persephoneϟ KORE ϟ
70.6%

Today's Daily Dose

Missing Word
Famous Operas

Quick Pick
Madonna Albums

Get the Picture
The Bushes

Remove Ads.
Support Sporcle.
Get the best of Sporcle when you Go Orange. This ad-free experience offers more features, more stats, and more fun while also helping to support Sporcle. Thank you for becoming a member.

You're not logged in!

Compare scores with friends on all Sporcle quizzes.
OR
Log In

Sporcle TV

Today on Sporcle TV


Watch our educational content, quiz creation guides, and fun videos on Sporcle TV.

Show Comments

Extras

Top Quizzes Today


Score Distribution

Paid Content

Your Account Isn't Verified!

In order to create a playlist on Sporcle, you need to verify the email address you used during registration. Go to your Sporcle Settings to finish the process.

Report this User

Report this user for behavior that violates our Community Guidelines.

Details: